000 00742nam a2200253Ia 4500
003 OSt
005 20220918164838.0
006 a|||||r|||| 00| 0
007 ta
008 220917b |||||||| |||| 00| 0 eng d
020 _a0801437563 (hbk)
024 _a201,681
037 _cTextual
040 _aARTS
_cARTS
_beng
041 _2eng
_aeng
082 _aO111vL:g, P1(TTO)
100 _aBrown Laura
_919000
245 0 _aFables of modernity
_b Literature and culture in the English eighteenth century
260 _aLondon
_bCornell University Press UK
_c2001
300 _axii,273p.
_ccm.
650 _aENGLISH LITERATURE
942 _hO111vL:g, P1(TTO)
_cTEXL
_2CC
999 _c126981
_d126981